Título en la letra 3 - Estadísticas

Estadísticas generales
  • Esta prueba ha sido intentada 3.736 veces
  • La puntuación promedio es 8 de 15
Estadísticas de respuestas
Letra % Correcto
Dale a tu cuerpo alegría, {Macarena} / Que tu cuerpo es pa' darle alegría y cosa buena / Dale a tu cuerpo alegría, {Macarena} / Eh, {Macarena} (¡ay!)
100%
Y si con otro pasas el rato / Vamo' a ser feli', vamo' a ser feli' / {Felices} {los} {4} / Yo te acepto el trato
85%
Voy {caminando} {por} {la} {vida}/ Sin pausa, pero sin prisa / Procurando no hacer ruido, vesti'o con una sonrisa / Sin complejo ni temores / Canto rumba' de colore' / Y el llorar no me hace daño siempre y cuando tú no llore'
81%
Que tú no puedes ser rey si no tiene' a {la} {reina} / Esta noche, por ley, yo soy quien te despeina / Cuando nos comemo' tú y yo, tú y yo / Nadie te lo hace como lo hace {la} {reina}
65%
Hoy me he levantado dando un salto mortal / He echado un par de huevos a mi sartén / Dando volteretas he llegado al baño / Me he duchado y he despilfarrado el gel / Porque hoy, algo me dice / Que {voy} {a} {pasármelo} {bien}
63%
No quiero volver a hablar / De {princesas} que buscan / Tipos que coleccionar / A los pies de su cama / Eres algo que he olvidado ya
63%
{Mi} {carro} me lo robaron / Estando de romería / {Mi} {carro} me lo robaron / Anoche cuando dormía
62%
Ponte en pie, alza el puño y ven / A la {fiesta} {pagana}, en la hoguera hay de beber / De la misma condición, no es el pueblo ni un señor / Ellos tienen el clero y nosotros nuestro sudor
62%
¿Y para qué sufrir? ¿Pa' qué? / Si así es la vida, hay que vivirla la la le / Voy a reír, voy a bailar / {Vivir} {mi} {vida}, la la la la
56%
Y es que yo (na-na-ra, na) / Amo a la vida y amo el amor (na-na-ra, na) / {Soy} {un} {truhán}, {soy} {un} {señor} / Algo bohemio y soñador
50%
Hoy los buenos recuerdos / Se caen por las escaleras / Y tras varios tequilas, las nubes se van / Pero {el} {sol} {no} {regresa}
42%
{Déjame}, no juegues más conmigo / Esta vez, en serio, te lo digo / Tuviste una oportunidad / Y la dejaste escapar
25%
El amanecer me sorprenderá / Dormido, borracho, en el {Cadillac} / Junto a las palmeras, cruce {solitario}
19%
{Dos} {gardenias} para ti / Con ellas quiero decir / Te quiero, te adoro, mi vida
17%
¿Ella qué será? / She's {livin'} {la} {vida} {loca} / Y te dolerá / Si de verdad te toca
17%
No se encontraron pruebas coincidentes
Distribución de puntuación
Porcentaje de gente con cada puntuación
Porcentaje por número respondido
Historial de tus puntuaciones
No has intentado esta prueba.